Elektronické voľby - princípy a možnosti

Základné princípy a možnosti zabezpečenia a realizácie elektronických volieb. Charakteristika elektronických volieb, ktoré predstavujú priame vyjadrenie vôle občanov založenej na priamom využití informačných a komunikačných technológií.

Guardado en:
Detalles Bibliográficos
Autor principal: Kokles, Mojmír
Otros Autores: Romanová, Anita, 1973-, Hamranová, Anna, 1957-
Formato: Capítulo de libro
Lenguaje:eslovaco
Materias:
Etiquetas: Agregar Etiqueta
Sin Etiquetas, Sea el primero en etiquetar este registro!

MARC

LEADER 00000naa a2200000 4500
001 0144754
005 20240502072609.6
041 0 |a slo 
044 |a SK 
245 1 0 |a Elektronické voľby - princípy a možnosti  |c Mojmír Kokles, Anita Romanová, Anna Hamranová 
520 |a Základné princípy a možnosti zabezpečenia a realizácie elektronických volieb. Charakteristika elektronických volieb, ktoré predstavujú priame vyjadrenie vôle občanov založenej na priamom využití informačných a komunikačných technológií. 
610 2 0 |a technológie informačné 
610 2 0 |a technológie komunikačné 
610 2 0 |a komunikácia elektronická 
610 2 0 |a internet 
610 2 0 |a voľby 
610 2 0 |a elektronizácia 
610 2 0 |a dokumenty elektronické 
610 2 0 |a výsledky volebné 
610 2 0 |a bezpečnosť elektronická 
100 1 |a Kokles, Mojmír 
700 1 |a Romanová, Anita, 1973- 
700 1 |a Hamranová, Anna, 1957-